THE PRINCIPLES AND PRACTICE OF INTERNATIONAL COMMERCIAL ARBITRATION (Record no. 216598)

MARC details
000 -LEADER
fixed length control field 00491nam a22001577a 4500
008 - FIXED-LENGTH DATA ELEMENTS--GENERAL INFORMATION
fixed length control field 260223b |||||||| |||| 00| 0 eng d
020 ## - INTERNATIONAL STANDARD BOOK NUMBER
International Standard Book Number 978-0-5216-8562-7
100 ## - MAIN ENTRY--PERSONAL NAME
Personal name MOSES, MARGARET L.
245 ## - TITLE STATEMENT
Title THE PRINCIPLES AND PRACTICE OF INTERNATIONAL COMMERCIAL ARBITRATION
260 ## - PUBLICATION, DISTRIBUTION, ETC.
Place of publication, distribution, etc. CAMBRIDGE
Name of publisher, distributor, etc. CAMBRIDGE UNIVERSITY PRESS
Date of publication, distribution, etc. 2008
300 ## - PHYSICAL DESCRIPTION
Extent XVIII, 340P.
500 ## - GENERAL NOTE
General note INCLUDES INDEX
650 ## - SUBJECT ADDED ENTRY
Topical term or geographic name entry element INTERNATIONAL COMMERCIAL ARBITRATION
942 ## - ADDED ENTRY ELEMENTS (KOHA)
Source of classification or shelving scheme Library of Congress Classification
Koha item type Long Loan Book
Holdings
Withdrawn status Lost status Source of classification or shelving scheme Damaged status Not for loan Collection Home library Current library Date acquired Inventory number Total checkouts Full call number Barcode Date last seen Copy number Price effective from Koha item type
    Library of Congress Classification     Law Kisii University Library Kisii University Library 02/23/2026 111958   K 2400 .M67 2008 a001150 02/23/2026 1 02/23/2026 Long Loan Book
    Library of Congress Classification     Law Kisii University Library Kisii University Library 02/23/2026 111959   K 2400 .M67 2008 a001149 02/23/2026 2 02/23/2026 Long Loan Book
    Library of Congress Classification     Law Kisii University Library Kisii University Library 02/23/2026 111960   K 2400 .M67 2008 a001148 02/23/2026 3 02/23/2026 Long Loan Book